<?xml version="1.0" encoding="UTF-8"?>
<marc:record xmlns:marc="http://www.loc.gov/MARC21/slim">
   <marc:leader>00000nam a2200000 a 4500</marc:leader>
   <marc:datafield ind1="1" ind2=" " tag="100">
      <marc:subfield code="a">König, Ralf</marc:subfield>
      <marc:subfield code="4">aut</marc:subfield>
      <marc:subfield code="e">Verfasser/-in</marc:subfield>
   </marc:datafield>
   <marc:datafield ind1=" " ind2=" " tag="653">
      <marc:subfield code="a">Homosexualität</marc:subfield>
   </marc:datafield>
   <marc:datafield ind1=" " ind2=" " tag="653">
      <marc:subfield code="a">Softcover</marc:subfield>
   </marc:datafield>
   <marc:datafield ind1=" " ind2=" " tag="653">
      <marc:subfield code="a">Karte</marc:subfield>
   </marc:datafield>
   <marc:datafield ind1=" " ind2=" " tag="653">
      <marc:subfield code="a">Cartoons</marc:subfield>
   </marc:datafield>
   <marc:datafield ind1=" " ind2=" " tag="653">
      <marc:subfield code="a">Comics</marc:subfield>
   </marc:datafield>
   <marc:datafield ind1=" " ind2=" " tag="653">
      <marc:subfield code="a">Comic</marc:subfield>
   </marc:datafield>
   <marc:datafield ind1="0" ind2="0" tag="245">
      <marc:subfield code="a">Trojanische Hengste</marc:subfield>
   </marc:datafield>
   <marc:datafield ind1="0" ind2="0" tag="245">
      <marc:subfield code="c">Ralf König</marc:subfield>
   </marc:datafield>
   <marc:datafield ind1=" " ind2="1" tag="264">
      <marc:subfield code="a">Hamburg</marc:subfield>
      <marc:subfield code="b">Männerschwarm-Verl.</marc:subfield>
      <marc:subfield code="c">2006</marc:subfield>
   </marc:datafield>
   <marc:datafield ind1=" " ind2=" " tag="250">
      <marc:subfield code="a">1. Aufl.</marc:subfield>
   </marc:datafield>
   <marc:datafield ind1="1" ind2=" " tag="520">
      <marc:subfield code="a">Angaben aus der Verlagsmeldung

Trojanische Hengste / von Ralf König

Faltencreme und Lifting: Neues von Ralf König

Ralf König kommt auf das komische Potenzial historischer Stoffe zurück: Was geschah bei den Olympischen Spielen wirklich, wie verbrachten die Griechen die lange Wartezeit im Trojanischen Pferd, wie nervtötend kann ein schöner Narziss auf seine Umgebung wirken? Und auch in der Gegenwart haben die schrägen Knollennasen ihre Probleme: das Thema "Alter" macht sich bemerkbar und beschert ihnen neuartigen Lustgewinn beim Herausnehmen dritter Zähne und die heimlichen Schrecken von Faltencreme-Proben und Lifting-Diskussionen. Außerdem dabei: Kinderstress, Mütterstress, betrunkene Weihnachtsengel und die erste Meise des Frühlings.

2005 war ein gutes Jahr für Ralf König: die italienische Ausgabe von "Bullenklöten" wurde mit dem nationalen Comicpreis ausgezeichnet, und in Frankreich sorgte die Verleihung des "Prix Angoulème" für besondere Aufmerksamkeit. In Deutschland nahm Sabine Peters für den "Freitag" noch einmal sein Gesamtwerk unter die Lupe: "Ralf König macht Ernst mit seiner Arbeit als Komödiant. Was er seinen Lesern bietet, ist freche, intelligente und übrigens auch sehr reflektierte Unterhaltung. Wie schafft es einer, der gelegentlich als heterofeindlich, frauenfeindlich, ausländerfeindlich, tuntenfeindlich, eltern- und kinderfeindlich bezeichnet wird, dass seine Bücher von so vielen unterschiedlichen Leuten genussvoll verschlungen werden? Ein Wirbel aus Peinlichkeiten, Missverständnissen und Katastrophen - und plötzlich ist man mitten drin
</marc:subfield>
   </marc:datafield>
   <marc:datafield ind1=" " ind2=" " tag="020">
      <marc:subfield code="a">9783935596824</marc:subfield>
      <marc:subfield code="9">9783935596824</marc:subfield>
   </marc:datafield>
   <marc:datafield ind1=" " ind2=" " tag="020">
      <marc:subfield code="a">3935596820</marc:subfield>
      <marc:subfield code="9">3935596820</marc:subfield>
   </marc:datafield>
   <marc:datafield ind1=" " ind2=" " tag="041">
      <marc:subfield code="a">ger</marc:subfield>
   </marc:datafield>
   <marc:datafield ind1=" " ind2=" " tag="300">
      <marc:subfield code="a">63 S.</marc:subfield>
   </marc:datafield>
</marc:record>
